000 01012nam a2200301 a 4500
001 42782
003 BD-RjUL
005 20211209053606.0
008 840823r19741967ne a b 001 0 eng
035 _a(CU)GLAD185332
035 _a(BD-RjUL)42900
040 _aBD-RjUL
_beng
_cBD-RjUL
041 _aeng
082 _a658.2
_bJOP 1974
100 1 _aJorgenson, Dale W.
_q(Dale Weldeau),
_d1933-
_9131477
245 1 0 _aOptimal replacement policy /
_cD.W. Jorgenson, J.J. McCall, and R. Radner.
250 _a1st ed.
260 _aAmsterdam :
_bNorth-Holland,
_c1967. [Printing 1974]
300 _axii, 225 p. :
_bill. ;
_c23 cm.
504 _aBibliography: p. [215]-219. and index
505 _aV. 8---
650 0 _aReplacement of industrial equipment
_xMathematical models.
_9131478
700 1 0 _aMcCall, John Joseph,
_d1933-
_9131479
700 1 0 _aRadner, Roy,
_d1927-
_9131480
830 0 _aStudies in mathematical and managerial economics ;
_vv.8
_9116543
942 _2ddc
_cBK
999 _c42782
_d42782